MARC details
| 000 - LÍDER |
| campo de control de longitud fija |
01658nam a2200253Ia 4500 |
| 008 - ELEMENTOS DE DATOS DE LONGITUD FIJA - INFORMACIÓN GENERAL |
| campo de control de longitud fija |
0000002017 sp ad 0000000000eng00 |
| 020 ## - INTERNATIONAL STANDARD BOOK NUMBER |
| International Standard Book Number |
9788470756450 |
| 090 ## - NÚMERO DE LLAMADA DE TIPO LC LOCALMENTE ASIGNADO (OCLC) |
| Número de clasificación (OCLC) (R) |
PSP00 S84e1 |
| 100 1# - ENTRADA PRINCIPAL - NOMBRE PERSONAL |
| Nombre de la persona |
Sullivan, Edward J. |
| 245 10 - TÍTULO DECLARACIÓN |
| Título |
Esteban Lisa |
| Resto del título |
: the abstract cabinet |
| Declaración de responsabilidad |
/ texts by Edward J. Sullivan, Rafael Argullol and Julio Sánchez Gil ; editores Manuel Fontán del Junco, María Toledo |
| 260 ## - PUBLICACIÓN, DISTRIBUCIÓN |
| Lugar de publicación |
Madrid : Fundación Juan March |
| Fecha de publicación |
, 2017 |
| 300 ## - DESCRIPCIÓN FÍSICA |
| Alcance |
153 p. |
| Dimensiones |
/ 23 cm. + folleto plegable |
| 500 ## - NOTA GENERAL |
| Nota general |
El folleto plegable incluye obras y listado de las mismas \ Artista nacido en España y desde muy niño fue llevado a Buenos Aires, lugar en donde desarrolló su vida y obra \ Exposición realizada en: Museu Fundación Juan March, Palma, Mallorca entre el 1 de febrero y el 20 de mayo de 2017; En el Museo de Arte abstracto Español de Cuenca del 2 de junio al 3 de septiembre de 2017 y en Mcm.ullen Museum of Art at Boston College del 15 de septiembre al 10 de diciembre de 2017 \ El centro de documentación incluye versión en español del mismo catálogo, consultarlo con clasificación: PSP00 S84e \ Incluye datos biográficos y cronología artística \ Texto en inglés |
| 600 00 - ENTRADA DE SUJETO AÑADIDO - NOMBRE PERSONAL |
| Nombre de la persona |
LISA, ESTEBAN, 18951983/ |
| Subdivisión general |
TRABAJOS PICTORICOS |
| 650 14 - ENTRADA DE SUJETO AÑADIDO - TÉRMINO TÓPICO |
| Término tópico o elemento de entrada del nombre geográfico |
PINTURA ABSTRACTA ESPAÑOLA |
| 650 14 - ENTRADA DE SUJETO AÑADIDO - TÉRMINO TÓPICO |
| Término tópico o elemento de entrada del nombre geográfico |
ARTE ABSTRACTO ARGENTINO |
| 650 14 - ENTRADA DE SUJETO AÑADIDO - TÉRMINO TÓPICO |
| Término tópico o elemento de entrada del nombre geográfico |
ARTE ABSTRACTO ESPAÑOL |
| 650 14 - ENTRADA DE SUJETO AÑADIDO - TÉRMINO TÓPICO |
| Término tópico o elemento de entrada del nombre geográfico |
ARTISTAS PLASTICOS ESPAÑOLES CRITICA E INTERPRETACION |
| 650 14 - ENTRADA DE SUJETO AÑADIDO - TÉRMINO TÓPICO |
| Subdivisión general |
CATALOGOS |
| 650 14 - ENTRADA DE SUJETO AÑADIDO - TÉRMINO TÓPICO |
| Término tópico o elemento de entrada del nombre geográfico |
ENSAYOS, CONFERENCIAS, ETC |
| 650 14 - ENTRADA DE SUJETO AÑADIDO - TÉRMINO TÓPICO |
| Subdivisión general |
EXPOSICIONES |
| 650 14 - ENTRADA DE SUJETO AÑADIDO - TÉRMINO TÓPICO |
| Término tópico o elemento de entrada del nombre geográfico |
PINTURA ABSTRACTA ARGENTINA |
| 700 1# - ENTRADA AGREGADA - NOMBRE PERSONAL |
| Nombre de la persona |
Argullol, Rafael \ Sánchez Gil, Julio |